Miasta w kujawsko-pomorskim powyżej 50k mieszkańców - Statystyki

Ogólne statystyki
  • Ten quiz został rozwiązany 36 razy
  • Średni wynik to 5 z 5
Statystyki odpowiedzi
Ludność Odpowiedź % Poprawnych
340k Bydgoszcz
100%
197k Toruń
100%
107k Włocławek
100%
71k Inowrocław
97%
92k Grudziądz
91%
Nie znaleziono quizów pasujących do podanych kryteriów
Rozkład punktacji
Procent ludzi z każdym wynikiem
Percentyl według liczby udzielonych odpowiedzi
Twoja historia wyników
Nie rozwiązałeś tego quizu